Outsiders in the lands of Islam : Mamluks, Mongols and eunuchs

Αποθηκεύτηκε σε:
Λεπτομέρειες βιβλιογραφικής εγγραφής
Κύριος συγγραφέας: Ayalon, David
Μορφή: Βιβλίο
Γλώσσα:English
Δημοσίευση: London : Variorum, 1988
Σειρά:Collected studies ; ; 269
Θέματα:
Ετικέτες: Προσθήκη ετικέτας
Δεν υπάρχουν, Καταχωρήστε ετικέτα πρώτοι!

MARC

LEADER 00000nam a2200000 i 4500
001 1/60860
008 930907s1988 eng d
020 |a 0-86078-217-4 
035 |a ΛΕΣΒΟΣb10000756  |l 10000756 
040 |a GR-MY-UA  |b gre  |e aacr 
041 0 |a eng 
082 0 |a 909.097671 
100 1 |a Ayalon, David. 
245 1 0 |a Outsiders in the lands of Islam :  |b Mamluks, Mongols and eunuchs /  |c David Ayalon 
260 |a London :   |b Variorum,   |c 1988 
300 |a 175 p. 
490 1 |a Collected studies  |v ; 269 
500 |a Includes index 
650 0 0 |a Aliens  |z Islamic Empire. 
651 0 |a Islamic Empire  |x History. 
651 0 |a Islamic Empire  |x Foreign relations. 
830 0 |a Collected studies ;  |v ; 269 
852 |a INST  |b LESVOS  |e 19930907  |h 909.097671 AYA  |p 005100005059  |q 005100005059  |t BK  |y 0 
909 |a Λ  |b 019259